| 000 | 01028cam a2200301 i 4500 | ||
|---|---|---|---|
| 999 |
_c200431514 _d49726 |
||
| 001 | 200431514 | ||
| 003 | TR-AnTOB | ||
| 005 | 20211109101623.0 | ||
| 008 | 181118s2012 tu a d t tu tur | ||
| 020 | _a9786058710320 | ||
| 040 |
_aTR-AnTOB _beng _erda _cCUKUROVA _dTR-AnTOB |
||
| 041 | 1 | _atur | |
| 050 | 0 | 0 | _aQK867 |
| 090 |
_aQK867 _b.B58 2012 |
||
| 245 | 0 | 0 |
_aBitki besleme : _bsağlıklı bitki, sağlıklı üretim / _ceditör Prof. Dr. Mehmet Rüştü Karaman. |
| 264 | 1 |
_aAnkara : _bGÜBRETAŞ, _c2012. |
|
| 300 |
_aVIII, 1066 pages : _billustrations ; _c20 cm. |
||
| 336 |
_atext _btxt _2rdacontent |
||
| 337 |
_aunmediated _bn _2rdamedia |
||
| 338 |
_avolume _bnc _2rdacarrier |
||
| 490 | 0 |
_aGÜBRETAŞ rehber kitaplar dizisi : _v2. |
|
| 504 | _aIncludes bibliographical references ( pages 1054-1060) | ||
| 650 | 7 |
_aBitki çeşitliliğinin korunması _923223 |
|
| 650 | 7 |
_aBitki sağlığı _9108747 _zTürkiye |
|
| 700 | 1 |
_aKaraman, Mehmet Rüştü _eeditor _9122695 |
|
| 942 |
_2lcc _cBK |
||